Globalization in Africa Quiz Stats

 Plays Quiz not verified by Sporcle

Score 0/10 Timer 10:00
0 Plays Today
Question Answer Wrong Answers
This country passed the US as Africa's largest trade partner in 2009 (Council on Foreign Relations). China
71.4%
France
2.9%
India
14.3%
Brazil
2.9%
Which country hosts military bases for the US, France, China, and is in discussions to host Saudi Arabia? Djibouti
68.6%
Uganda
8.6%
DRC
8.6%
Chad
2.9%
Which country built the largest Dam in Africa despite protestations from the World Bank and neighboring states? Ethiopia
48.6%
Rwanda
2.9%
Zimbabwe
34.3%
Namibia
2.9%
In March 2017, local jihadist groups as well as al-Qaeda affiliates merged under the banner of Nusrat-ul-Islam in this country: Mali
37.1%
Nigeria
28.6%
Chad
14.3%
Mauritania
11.4%
The PEPFAR Program under former US President Bush was one program responsible for almost doubling foreign aid during his presidency. What sector did it target? Health
28.6%
Education
34.3%
Infrastructure
11.4%
Trade
14.3%
What was the estimated foreign direct investment inflow to Africa (including North Africa) in 2016? $96 billion
25.7%
$108 billion
48.6%
$72 billion
20%
$25 billion
5.7%
Google has 4 offices based in African countries. Which country does not host one of these offices? Ghana
20%
South Africa
2.9%
Senegal
51.4%
Kenya
14.3%
Nigerian Artist Wiz Kid has dominated the US airwaves and collaborated with many major US musicians except: Childish Gambino
17.1%
Drake
28.6%
Chris Brown
31.4%
Major Lazer
17.1%
What Sub Saharan African country had the highest growth rate on the continent in 2016 (IMF World Economic Outlook)? Cote d'Ivoire
8.6%
Nigeria
34.3%
Ghana
28.6%
South Africa
28.6%
What country hosts the International Festival of African Fashion? Niger
5.7%
South Africa
31.4%
Kenya
34.3%
Senegal
28.6%

You're not logged in!

Compare scores with friends on all Sporcle quizzes.
Join for Free
OR
Log In

You Might Also Like...

Show Comments

Extras

Created Aug 23, 2017ReportNominate
Tags:Africa Quiz, globalization

Top Quizzes Today


Score Distribution

Your Account Isn't Verified!

In order to create a playlist on Sporcle, you need to verify the email address you used during registration. Go to your Sporcle Settings to finish the process.

Report this User

Report this user for behavior that violates our Community Guidelines.

Details: